Представление документа в формате RUSMARC

ПолеНазваниеЗначение
  Тип записи a
  Библиографический уровень m
001 Контрольный номер RU/SLIB/B/208768522
005 Дата корректировки 20201206204251.6
010 Индекс ISBN __
a ISBN 5-93127-217-8
d Цена 198-00
101 Язык документа 1_
a Язык текста rus
c Язык оригинала eng
200 Заглавие и сведения об ответственности 1_
a Заглавие Спортивная медицина
e Сведения, относящиеся к заглавию справ. для врача и тренера
f Первые сведения об ответственности пер. с англ.: А. Гнетовой, Л. Потанич
b Общее обозначение материала Текст
205 Сведения об издании __
a Основные сведения об издании 2-е изд., доп. и испр.
210 Выходные данные __
a Место издания М.
c Издательство Терра-Спорт
d Дата издания 2003
215 Физическое описание __
a Объем 240 с.
c Иллюстрации/тип воспроизводства ил.
606 Тематические рубрики __
a Основная рубрика Физическая культура и спорт
606 Тематические рубрики __
a Основная рубрика Медико-биологические основы физического воспитания
610 Ключевые слова __
a Ключевые слова профзаболевания; травмы; предотвращение травм; заболевания; лечение; спортсмены; тренировки; соревнования; спортивная медицина; спорт; медицина
686 Индексы других классификаций __
a Классификационный индекс 75.09я22
702 Вторичная интеллектуальная ответственность _1
a Фамилия Гнетова
b Имя А.
4 Код отношения Переводчик
4 Код отношения 730
702 Вторичная интеллектуальная ответственность _1
a Фамилия Потанич
b Имя Л.
4 Код отношения Переводчик
4 Код отношения 730
801 Источник записи _0
a Страна RU
b Организация Муниципальное бюджетное учреждение культуры "Централизованная библиотечная система" г. Сургут (Центральная городская библиотека им. А. С. Пушкина)
g Правила каталогизации КиК/Чорнонос Н.П.
801 Источник записи _1
a Страна RU
b Организация Муниципальное бюджетное учреждение культуры "Централизованная библиотечная система" г. Сургут (Центральная городская библиотека им. А. С. Пушкина)
g Правила каталогизации КиК/Чорнонос Н.П.
852 Данные о местонахождении __
j Шифр хранения 75.09я22
c Каталожный индекс 75.0я2
i Авторский знак С 73
901 Тип документа __
t Тип документа m
903 Характеристики (МАРС) __
a Дата передачи 20040903
969 Тип издания __
a Тип издания справочник
990 Данные о заказе (DOS) __
j Количество экземпляров (DOS) 5
t N записи в КСУ для И/У (DOS) 200409